NJ

Đã lưu trong:
Chi tiết về thư mục
Định dạng: Số seri
Ngôn ngữ:Tiếng Nga
Được phát hành: Б.м.
Các nhãn: Thêm thẻ
Không có thẻ, Là người đầu tiên thẻ bản ghi này!

MARC

LEADER 00000nas a2200000 i 4500
001 in00000013763
005 20251126081925.4
002 УБЖ7/1983 - 2000/1
008 081023u19?? rur l000 0yrus d
035 |a ( UA-KiNSAL)УБЖ7/1983 - 2000/1 
040 |a UA-KiNSAL  |b ukr  |c UA-KiNSAL 
090
245 0 0 |a  NJ  
260 |a Б.м. 
530 |a Original record   |u https://kubg.libs.net.ua/kubg_recs/0000034386.txt 
942 |2 UDC  |c JOURNAL 
920 |a NJ 
961 |a 691 
991 0 0 |a УБЖ7/1983 - 2000/1 
997 |a 0000034386 
998 |a 34386 
999 f f |i e40cbcc4-2b63-4dda-a636-c706fbce485a  |s daa2368c-a5b2-4773-a84f-c71126e3822f  |t 0